| 000 | 01013cad a22002415a 4500 | ||
|---|---|---|---|
| 001 | E154169 | ||
| 008 | 111024s2011 xxk f 000 0 eng d | ||
| 020 | _a978178045435 | ||
| 022 | 1 | _a0141-514X | |
| 035 | _a(Sirsi) u154169 | ||
| 041 | 0 | _aeng | |
| 110 | 2 |
_aScotland _bScottish Government _95344 |
|
| 245 | 0 | 0 |
_aCompulsory purchase orders _h[electronic resource] |
| 260 |
_aEdinburgh _bScottish Government _c2011 |
||
| 490 | 0 |
_aPlanning Circular _v(6/2011) |
|
| 520 | _aSets out policy on using compulsory purchase orders in Scotland. Supersedes Circular 42/1976, and amends Circular 21/1991 and Circular 17/1998. | ||
| 590 | _aKA NTK | ||
| 650 | 2 | 4 | _aACQUISITION OF LAND (AUTHORISATION PROCEDURE) (SCOTLAND) ACT 1947 |
| 651 | 4 |
_aScotland _y1999- |
|
| 690 | _aENVIRONMENTAL AND LAND CONSULTANCY-PLANNING AND DEVELOPMENT-COMPULSORY PURCHASE AND COMPENSATION | ||
| 856 | 4 | 0 |
_uhttps://www.scotland.gov.uk/Publications/2011/10/21133522/0 _zView the circular free of charge at www.scotland.gov.uk |
| 942 | _n0 | ||
| 999 |
_c112873 _d112873 |
||